000 00495nam a22001697a 4500
003 BD-ChCU
005 20260329130825.0
008 260329b bg ||||| |||| 00| 0 ben d
040 _cBD-ChCU
082 _aREF 703 THA
100 _aHerbert Read .
_920865
245 _aThe Rhames and Hudson encyclopaedia of the arts./
_cRead Herbert.
260 _aLondon :
_bThames and Hudson .
_cC 1966
300 _a966p.
650 0 _aArts - Encyclopedias and Dictionaries.
_920866
942 _2ddc
_cBK
_n0
999 _c111888
_d111888